| 000 | 01142nam a2200337 a 4500 | ||
|---|---|---|---|
| 999 |
_c23291 _d23291 |
||
| 001 | 000637960 | ||
| 005 | 20220823091256.0 | ||
| 007 | ta | ||
| 008 | 021125s2002 xr e cze d | ||
| 020 |
_z80-242-0724-7 _q(ch.) |
||
| 020 | _a8072144731 | ||
| 035 | _a(OCoLC)85032587 | ||
| 040 |
_aBOA001 _bcze _csk |
||
| 041 | 1 |
_acze _heng |
|
| 072 | 7 |
_a355/359 _xVojenství. Obrana země. Ozbrojené síly _2Konspekt |
|
| 080 |
_a355.425.4 _2MRF |
||
| 080 |
_a94(100)"1939/1945" _2MRF |
||
| 080 |
_a(430) _2MRF |
||
| 080 |
_a(0:82-96) _2MRF |
||
| 100 | 1 |
_aWhiting, Charles, _d1926-2007 _4aut _93273 |
|
| 245 | 1 | 0 |
_aWerwolf : _bpříběh z historie nacistického hnutí odporu 1944-1945 / _cCharles Whiting |
| 250 | _aVyd. 1. | ||
| 260 |
_aPraha : _bBaronet, _c2002 |
||
| 300 |
_a194 s. : _bil. ; _c22 cm |
||
| 500 | _aVydáno ve spolupráci s Knižním klubem - Euromedia Group | ||
| 610 | 2 | 7 |
_aUnternehmen Werwolf _2czenas _93274 |
| 650 | 0 | 7 |
_apartyzánské hnutí _zNěmecko _y1939-1945 _2czenas _93275 |
| 650 | 0 | 7 |
_adruhá světová válka, 1939-1945 _zNěmecko _2czenas _93276 |
| 655 | 7 |
_aliteratura faktu _2czenas _91757 |
|
| 765 | 0 | _tWerwolf | |